000 00842nam a2200217 a 4500
003 0
005 20250530105136.0
008 021128s19uu xx 00 eng d
050 _aPGS LB 1027.5
_b.G146 2000
100 _aGalang, Christine Martinez.
245 _aThe perception of grade students of Southville International School on sponsorship program school year 1999-2000 /
_cChristine Martinez Galang.
260 _aLas PiƱas City, Philippines :
_bSouthville International School and Colleges,
_c2000.
300 _aUnpaged :
_bcolored illustrations ;
_c28 cm.
504 _aIncludes bibliographical references.
650 _aSchool counseling.
650 _aStudent assistance programs.
650 _aEducational counseling.
650 _aMentoring in education.
650 _aStudent support services.
942 _2lcc
_cPASS
999 _c96397
_d96397